Statystyki dla Brawl stars wszyscy zadymiarze

Kliknij tutaj aby rozwiązać quiz!

Ogólne statystyki

  • Ten quiz został rozwiązany 119 razy
  • Średni wynik to 34 z 59

Statystyki odpowiedzi

HintOdpowiedź% Poprawnych
Aleja puszekNIta
88%
Aleja puszekShelly
88%
Aleja puszekColt
86%
Aleja puszekBull
82%
RzadkieEl primo
78%
Aleja puszekBo
77%
LegendarneLeon
77%
Aleja puszekJessie
75%
RzadkieBarley
73%
LegendarneCrow
73%
Aleja puszekBrock
71%
Aleja puszekEmz
71%
RzadkiePoco
71%
Bardzo RzadkiePenny
70%
Aleja puszekStu
70%
LegendarneSpike
68%
Aleja puszekDynamike
67%
MityczneMortis
67%
RzadkieRosa
67%
Aleja puszekTick
66%
Aleja puszek8-Bitowiec
63%
Bardzo RzadkieCarl
63%
LegendarneAmber
62%
EpickiFrank
60%
Bardzo RzadkieDarryl
59%
MityczneTara
59%
EpickiBibi
58%
ChromatyczneGale
58%
EpickiPam
58%
LegendarneSandy
58%
Bardzo RzadkieRico
56%
Bardzo RzadkieJacky
55%
LegendarneMeg
55%
ChromatyczneSurge
55%
EpickiPiper
53%
MityczneGene
52%
Bardzo RzadkieGus
52%
ChromatyczneKieł
51%
ChromatyczneColette
49%
EpickiBea
48%
MityczneMaks
48%
ChromatyczneLou
47%
ChromatyczneEve
44%
ChromatyczneSam
44%
ChromatyczneBelle
42%
EpickiBonnie
42%
MityczneByron
41%
EpickiEdgar
41%
MityczneKiełek
41%
EpickiNani
41%
ChromatyczneOtis
41%
ChromatyczneRuffs
41%
EpickiGrom
40%
ChromatyczneJanet
40%
ChromatyczneBuzz
38%
ChromatyczneAsh
34%
ChromatyczneLola
34%
MityczneSqueak
34%
EpickiGriff
33%

Rozkład punktacji

Percentyl według liczby udzielonych odpowiedzi

Procent ludzi z każdym wynikiem

Twoja historia wyników

Nie rozwiązałeś tego quizu